[Event "AUS-ch U12"]
[White "Hoving, Eliot"]
[Black "Jia, Jingqu"]
[Site "Adelaide"]
[Round "9"]
[Result "0-1"]
[Date "2003.01.21"]
[WhiteElo "1307"]
[BlackElo "1500"]
[PlyCount "86"]
[EventDate "2003.01.??"]
[EventType "swiss"]
[EventRounds "11"]
[EventCountry "AUS"]
[SourceTitle "EXT 2006"]
[Source "ChessBase"]
[SourceDate "2005.11.24"]
[SourceVersion "1"]
[SourceVersionDate "2005.11.24"]
[SourceQuality "1"]

1. e4 Nf6 2. e5 Nd5 3. c4 Nb6 4. Nf3 d6 5. exd6 cxd6 6. d4 Nc6 7. Be3 Bg4 8. Nbd2 g6 9. h3 Bf5 10. Be2 Bg7 11. 0-0 0-0 12. Nb3 a5 13. a3 a4 14. Nbd2 e5 15. d5 Ne7 16. Rc1 Rc8 17. c5 dxc5 18. Bxc5 Nbxd5 19. Qxa4 b6 20. Bxe7 Qxe7 21. Qb3 Nf4 22. Ba6 Rcd8 23. Qxb6 e4 24. Rfe1 Rd6 25. Qb4 Qd8 26. Nxe4 Rxa6 27. Nc5 Nd3 28. Nxd3 Qxd3 29. Red1 Qe4 30. Qb5 Raa8 31. Re1 Qa4 32. Qd5 Rfd8 33. Qb7 Rab8 34. Qc7 Rdc8 35. Qg3 Bxb2 36. Rxc8+ Rxc8 37. Nh4 Be6 38. Rxe6 fxe6 39. Nxg6 Rc1+ 40. Kh2 hxg6 41. Qb8+ Kh7 42. Qb7+ Bg7 43. Qf3 Qd1 0-1

[Event "AUS-ch U12"]
[White "Huang, Justin"]
[Black "Jia, Jingqu"]
[Site "Adelaide"]
[Round "4"]
[Result "0-1"]
[Date "2003.01.15"]
[WhiteElo "1261"]
[BlackElo "1500"]
[PlyCount "78"]
[EventDate "2003.01.??"]
[EventType "swiss"]
[EventRounds "11"]
[EventCountry "AUS"]
[SourceTitle "EXT 2006"]
[Source "ChessBase"]
[SourceDate "2005.11.24"]
[SourceVersion "1"]
[SourceVersionDate "2005.11.24"]
[SourceQuality "1"]

1. e4 e5 2. Nf3 Nf6 3. Nc3 Nc6 4. Bc4 Bb4 5. a3 Bxc3 6. bxc3 Nxe4 7. Bd5 Nf6 8. Bxc6 bxc6 9. Nxe5 0-0 10. 0-0 Rb8 11. d4 h6 12. Be3 Bb7 13. Rb1 d6 14. Ng4 Re8 15. Qf3 Nd5 16. Bd2 Qd7 17. Ne3 Nxe3 18. fxe3 Qe6 19. Qf5 Qxf5 20. Rxf5 Ba6 21. Rb4 d5 22. g3 Be2 23. Rf2 Bc4 24. Kg2 a5 25. Rxc4 dxc4 26. Bc1 Rb1 27. Rf1 Reb8 28. Kf2 Ra1 29. Ke2 Rbb1 30. Kd2 Rxa3 31. Rf5 Raa1 32. Rf1 a4 33. Re1 a3 34. Rf1 a2 35. h4 Rxc1 36. Rxc1 Rxc1 37. Kxc1 a1Q+ 38. Kd2 Qg1 39. h5 Qxg3 0-1

[Event "AUS-ch U12"]
[White "Miranda, Adrian"]
[Black "Jia, Jingqu"]
[Site "Adelaide"]
[Round "2"]
[Result "1/2-1/2"]
[Date "2003.01.14"]
[WhiteElo "1115"]
[BlackElo "1500"]
[PlyCount "85"]
[EventDate "2003.01.??"]
[EventType "swiss"]
[EventRounds "11"]
[EventCountry "AUS"]
[SourceTitle "EXT 2006"]
[Source "ChessBase"]
[SourceDate "2005.11.24"]
[SourceVersion "1"]
[SourceVersionDate "2005.11.24"]
[SourceQuality "1"]

1. e4 c5 2. d4 cxd4 3. c3 d3 4. Bxd3 Nc6 5. c4 Nf6 6. Nc3 e6 7. Nf3 Bc5 8. 0-0 d6 9. Qe2 h6 10. h3 0-0 11. Rd1 Qe7 12. Bf4 e5 13. Bg3 Be6 14. a3 Nh5 15. Bh2 f5 16. Nxe5 dxe5 17. Qxh5 Bxf2+ 18. Kxf2 fxe4+ 19. Kg1 exd3 20. Rxd3 Bxc4 21. Rd2 Qf6 22. Ne2 Qf2+ 23. Kh1 Nd4 24. Bg1 Bxe2 25. Qxe5 Qf7 26. Bxd4 Rae8 27. Qg3 Bc4 28. Rc2 Rc8 29. Rf2 Qd7 30. Bxa7 Rxf2 31. Bxf2 Re8 32. Rc1 Qd3 33. Qc7 Bd5 34. Qc2 Qxc2 35. Rxc2 Re6 36. Kg1 Bc6 37. Rd2 Kf7 38. Kf1 h5 39. g3 g6 40. Bd4 Re4 41. Rf2+ Ke8 42. Rd2 Kf7 43. Rf2+ 1/2-1/2